000 01291nji a22003137a 4500
005 20100910155023.0
006 a|||||r|||||00| 0
007 sd ammalaaahaa
008 100830t xxu||||| |||| 00| 0 eng d
028 _aD/ MOE 1015
_bODEON
035 _aGR-02477
040 _aSED
_cSED
100 _917455
_aMangeskar, Lata
245 _aPrem Parbat /
_cby Lata Mangeskar ; Music by Jaidev ; lyric by Jan Nisar Akhtar [and] Padma Sachdeva
_h[sound recording] :
246 _aप्रेम परबत / लता मंगेशकर द्वारा
260 _aDum Dum, India
_bODEON
300 _a1 sound disc [Gramophone Recording]:
_banalog, 45 rpm
_c7.5 in. (SP)
_fGramophone Record
500 _aBrief Record
500 _aRecord labels :ODEON, Black
505 _aSide-1 यह नीर कहाँ से बरसे हैं (Yeh neer kahan se barse hain ) Side 2 रात पिया के संग जगी रे सखी (Raat piya ke sang jagi re sakhi )
600 _aMangeskar, Lata
_919590
650 _aFilm song
_zIndia
_91186
_xExcerpts
650 _919591
700 _917416
700 _917456
700 _919512
942 _2ddc
_cGR
999 _c45599
_d45599